000 00844cam a22002291 4500
082 _a940.5421
_bSHU
100 1 _aShulman, Milton,
_948933
245 1 0 _aDefeat in the West,
_cby Milton Shulman. With an introd. by Major General Sir Ian Jacob.
260 _aLondon,
_bSecker and Warburg,
_c1947.
300 _axv, 336 p.
_billus.
_c23 cm.
526 _a0
_b0
_c0
_d940_542100000000000_SHU
526 _a0
_b0
_c0
_d940_542100000000000_SHU
526 _a0
_b0
_c0
_d940_542100000000000_SHU
526 _a0
_b0
_c0
_d940_542100000000000_SHU
526 _a0
_b0
_c0
_d940_542100000000000_SHU
526 _a0
_b0
_c0
_d940_542100000000000_SHU
526 _a0
_b0
_c0
_d940_542100000000000_SHU
650 0 _aMCE
_9379
650 0 _aWorld War, 1939-1945
_xCampaigns
_zWestern Front.
_948934
650 0 _aWorld War, 1939-1945
_zGermany.
_948935
942 _2ddc
_cBK
999 _c551794
_d551794